[Event "Aragon-chT Preferente Gr II"]
[Site "Aragon"]
[Date "2023.03.04"]
[Round "6.53"]
[White "Sancho Casale, Jesus"]
[Black "Brosa Soto, Jesus"]
[Result "0-1"]
[WhiteElo "1933"]
[BlackElo "1938"]
[PlyCount "88"]
[EventDate "2023.01.28"]
[EventType "team-tourn"]
[EventRounds "9"]
[EventCountry "ESP"]
[SourceTitle "EXT 2024"]
[Source "ChessBase"]
[SourceDate "2023.10.10"]
[SourceVersion "1"]
[SourceVersionDate "2023.10.10"]
[SourceQuality "1"]
[WhiteTeam "Tauste"]
[BlackTeam "Las Fuentes II"]
[WhiteTeamCountry "ESP"]
[BlackTeamCountry "ESP"]

1. Nf3 d5 2. c4 c6 3. b3 Nf6 4. g3 e6 5. Bg2 Be7 6. Bb2 Nbd7 7. 0-0 0-0 8. d4 Ne8 9. Qc2 f5 10. Nbd2 Ndf6 11. Ne5 Nd6 12. e3 g5 13. c5 Nf7 14. Nd3 Bd7 15. b4 g4 16. Bc3 Ne4 17. a4 Nxd2 18. Qxd2 a6 19. Rab1 Qe8 20. Rb2 h5 21. Rfb1 Bf6 22. Ne5 Bxe5 23. dxe5 Ng5 24. Qd1 Qe7 25. b5 axb5 26. axb5 Rf7 27. bxc6 Bxc6 28. Bd4 Rh7 29. f4 gxf3 30. Bxf3 h4 31. Rg2 hxg3 32. hxg3 Kh8 33. g4 Nh3+ 34. Kf1 fxg4 35. Bxg4 Rf8+ 36. Ke2 Ng5 37. Qd3 Ne4 38. Rbg1 Qh4 39. Qxe4 dxe4 40. Bxe6 Rg7 41. Bf7 Rxg2+ 42. Rxg2 Rxf7 43. e6+ Rf6 44. Kd2 Kh7 0-1

[Event "Aragon-chT Honor Gr II"]
[Site "Aragon"]
[Date "2022.02.26"]
[Round "5.30"]
[White "Sancho Casale, Jesus"]
[Black "Salamero Pelay, Fernando"]
[Result "1/2-1/2"]
[WhiteElo "1954"]
[BlackElo "2076"]
[PlyCount "83"]
[EventDate "2022.01.29"]
[EventType "team-tourn"]
[EventRounds "7"]
[EventCountry "ESP"]
[SourceTitle "EXT 2024"]
[Source "ChessBase"]
[SourceDate "2023.10.10"]
[SourceVersion "1"]
[SourceVersionDate "2023.10.10"]
[SourceQuality "1"]
[WhiteTeam "Tauste"]
[BlackTeam "Huesca Club Atletismo"]
[WhiteTeamCountry "ESP"]
[BlackTeamCountry "ESP"]

1. Nf3 Nc6 2. d4 d5 3. Bf4 Bg4 4. Ne5 Nxe5 5. Bxe5 e6 6. c4 f6 7. Bg3 Bd6 8. Qb3 Ne7 9. e3 0-0 10. Nc3 c6 11. cxd5 exd5 12. Bd3 Rb8 13. 0-0 Kh8 14. Qc2 g6 15. b4 a6 16. a4 Bxg3 17. hxg3 Qd6 18. b5 axb5 19. axb5 Ra8 20. bxc6 bxc6 21. Na4 Bf5 22. Qc5 Qe6 23. Qc2 Qd6 24. Nc5 Bxd3 25. Nxd3 Nf5 26. Qc5 Qe6 27. Nf4 Qd6 28. Rxa8 Qxc5 29. Ne6 Rxa8 30. Nxc5 Kg7 31. Rc1 Ne7 32. g4 Kf7 33. g3 Rb8 34. Kg2 Rb6 35. Rh1 Kg7 36. Ra1 h6 37. Ra7 Kf7 38. Rc7 Rb1 39. Kf3 Rb2 40. Rb7 Rc2 41. Rb8 Ra2 42. Rh8 1/2-1/2

[Event "Aragon-chT Honor Pl 7-10"]
[Site "Aragon"]
[Date "2021.05.29"]
[Round "9.21"]
[White "Sancho Casale, Jesus"]
[Black "Jario Garcia, Ricardo Javier"]
[Result "1/2-1/2"]
[WhiteElo "1924"]
[BlackElo "2045"]
[PlyCount "72"]
[EventDate "2021.05.15"]
[EventType "team-tourn"]
[EventRounds "9"]
[EventCountry "ESP"]
[SourceTitle "EXT 2024"]
[Source "ChessBase"]
[SourceDate "2023.10.10"]
[SourceVersion "1"]
[SourceVersionDate "2023.10.10"]
[SourceQuality "1"]
[WhiteTeam "Tauste"]
[BlackTeam "Marcos Frechin"]
[WhiteTeamCountry "ESP"]
[BlackTeamCountry "ESP"]

1. e4 c5 2. Nf3 g6 3. d4 cxd4 4. Nxd4 Bg7 5. c4 Nc6 6. Be3 d6 7. Nc3 Nf6 8. Be2 0-0 9. 0-0 a5 10. b3 a4 11. Rc1 Bd7 12. f3 Qa5 13. Ncb5 Ne5 14. Qd2 Qxd2 15. Bxd2 axb3 16. axb3 Bxb5 17. Nxb5 Ra2 18. Rfd1 Nfd7 19. Nc3 Rb2 20. Rb1 Rxb1 21. Rxb1 Ra8 22. Kf1 Nc6 23. Nb5 Nd4 24. Nxd4 Bxd4 25. Bg5 f6 26. Rd1 e5 27. Bd2 Kf7 28. Rc1 Ra2 29. Be1 Nc5 30. b4 Ne6 31. c5 dxc5 32. bxc5 Ra1 33. Rxa1 Bxa1 34. Bc4 Bd4 35. Bf2 Bc3 36. Bd5 Bb4 1/2-1/2

[Event "Aragon-chT Honor Gr I"]
[Site "Aragon"]
[Date "2021.05.08"]
[Round "7.31"]
[White "Arpa Pardo, Emilio"]
[Black "Sancho Casale, Jesus"]
[Result "1/2-1/2"]
[WhiteElo "1905"]
[BlackElo "1924"]
[PlyCount "85"]
[EventDate "2021.03.13"]
[EventType "team-tourn"]
[EventRounds "7"]
[EventCountry "ESP"]
[SourceTitle "EXT 2024"]
[Source "ChessBase"]
[SourceDate "2023.10.10"]
[SourceVersion "1"]
[SourceVersionDate "2023.10.10"]
[SourceQuality "1"]
[WhiteTeam "Teruel"]
[BlackTeam "Tauste"]
[WhiteTeamCountry "ESP"]
[BlackTeamCountry "ESP"]

1. Nf3 d5 2. d4 Nf6 3. c4 c6 4. Nc3 e6 5. Bg5 dxc4 6. e4 b5 7. e5 h6 8. Bh4 g5 9. Nxg5 hxg5 10. Bxg5 Nbd7 11. exf6 Bb7 12. g3 Qb6 13. Bg2 0-0-0 14. 0-0 c5 15. d5 b4 16. Rb1 Qa6 17. dxe6 Bxg2 18. e7 Bxf1 19. Qd5 Bxe7 20. fxe7 Rdg8 21. Ne4 Rxg5 22. Nxg5 c3 23. Nxf7 Qd3 24. Qxd3 Bxd3 25. Nxh8 Nf6 26. Re1 cxb2 27. Nf7 b1Q 28. Rxb1 Bxb1 29. Ne5 Bxa2 30. g4 b3 31. Nc4 Kd7 32. g5 Ne8 33. h4 Kxe7 34. h5 Nd6 35. h6 Bb1 36. Nd2 Bg6 37. Nxb3 c4 38. Nd4 Nf5 39. Ne2 a5 40. Nc3 Kd6 41. f4 Ne3 42. Kf2 Nd5 43. Nb5+ 1/2-1/2

[Event "Aragon-chT Honor Gr I"]
[Site "Aragon"]
[Date "2021.03.20"]
[Round "2.32"]
[White "Moreno Burillo, Marcos Antonio"]
[Black "Sancho Casale, Jesus"]
[Result "0-1"]
[WhiteElo "1586"]
[BlackElo "1924"]
[PlyCount "64"]
[EventDate "2021.03.13"]
[EventType "team-tourn"]
[EventRounds "7"]
[EventCountry "ESP"]
[SourceTitle "EXT 2024"]
[Source "ChessBase"]
[SourceDate "2023.10.10"]
[SourceVersion "1"]
[SourceVersionDate "2023.10.10"]
[SourceQuality "1"]
[WhiteTeam "Delicias"]
[BlackTeam "Tauste"]
[WhiteTeamCountry "ESP"]
[BlackTeamCountry "ESP"]

1. d4 d5 2. c4 c6 3. cxd5 cxd5 4. Bg5 Nf6 5. Bxf6 gxf6 6. Nc3 Nc6 7. Nf3 e6 8. a3 Bd7 9. e3 Rg8 10. Qc2 Rg7 11. b4 Rc8 12. Qb3 Bd6 13. e4 Qb6 14. Rd1 Nxb4 15. Na4 Qa5 16. Nc5 Nc2+ 17. Ke2 Bb5+ 18. Rd3 Bxc5 19. exd5 Bxd4 20. Kd1 Ba4 21. Qxb7 Ne3+ 22. Ke2 Rc2+ 23. Nd2 Bb5 24. Qb8+ Kd7 25. Qb7+ Rc7 26. dxe6+ fxe6 27. Qe4 Bxd3+ 28. Qxd3 Qh5+ 29. f3 Qe5 30. Ne4 Nxf1 31. f4 Qh5+ 32. Kxf1 Rc1+ 0-1

[Event "Aragon-chT Preferente B"]
[Site "Aragon"]
[Date "2017.01.28"]
[Round "1.59"]
[White "Sancho Casale, Jesus"]
[Black "Garcia Estruch, Jorge"]
[Result "1-0"]
[WhiteElo "1981"]
[BlackElo "1819"]
[PlyCount "44"]
[EventDate "2017.01.28"]
[EventType "team-tourn"]
[EventRounds "9"]
[EventCountry "ESP"]
[SourceTitle "EXT 2018"]
[Source "ChessBase"]
[SourceDate "2017.10.13"]
[SourceVersion "1"]
[SourceVersionDate "2017.10.13"]
[SourceQuality "1"]
[WhiteTeam "Tauste"]
[BlackTeam "Sabinanigo"]
[WhiteTeamCountry "ESP"]
[BlackTeamCountry "ESP"]

1. Nf3 Nf6 2. c4 e6 3. g3 d5 4. b3 Nbd7 5. Bb2 c6 6. Bg2 Bd6 7. d4 b6 8. 0-0 Bb7 9. Nbd2 Rc8 10. Re1 0-0 11. Ne5 c5 12. cxd5 exd5 13. Ndf3 Ne4 14. Nd2 cxd4 15. Nxd7 Qxd7 16. Nxe4 dxe4 17. Qxd4 f5 18. Red1 Rfd8 19. Bh3 Rc7 20. Rac1 Rxc1 21. Bxc1 Bc8 22. Bg5 Rf8 1-0

[Event "Aragon-chT Preferente A"]
[Site "Aragon"]
[Date "2016.03.12"]
[Round "7.41"]
[White "Soriano Ascaso, Ignacio"]
[Black "Sancho Casale, Jesus"]
[Result "1-0"]
[WhiteElo "2140"]
[BlackElo "1997"]
[PlyCount "63"]
[EventDate "2016.01.30"]
[EventType "team-tourn"]
[EventRounds "9"]
[EventCountry "ESP"]
[SourceTitle "EXT 2018"]
[Source "ChessBase"]
[SourceDate "2017.10.13"]
[SourceVersion "1"]
[SourceVersionDate "2017.10.13"]
[SourceQuality "1"]
[WhiteTeam "Sabinanigo"]
[BlackTeam "Tauste"]
[WhiteTeamCountry "ESP"]
[BlackTeamCountry "ESP"]

1. e4 e5 2. Nf3 Nf6 3. Nxe5 d6 4. Nf3 Nxe4 5. Qe2 Qe7 6. d3 Nf6 7. Bg5 Qxe2+ 8. Bxe2 Be7 9. Nc3 c6 10. 0-0-0 Nbd7 11. Rhe1 Nc5 12. Bf1 Ne6 13. Bh4 d5 14. h3 d4 15. Ne4 c5 16. Nxf6+ gxf6 17. Nd2 f5 18. Bxe7 Kxe7 19. Re5 Kf6 20. Rde1 Bd7 21. Nc4 b6 22. Nd6 Ng7 23. g4 fxg4 24. hxg4 Bxg4 25. f4 Bf5 26. Bh3 Bg6 27. f5 Bh5 28. Bg2 Rad8 29. Rd5 Ne8 30. Ne4+ Ke7 31. f6+ Nxf6 32. Ng5+ 1-0

[Event "Aragon-chT Preferente A"]
[Site "Aragon"]
[Date "2016.02.27"]
[Round "5.42"]
[White "Sancho Casale, Jesus"]
[Black "Fuster Garcia, Luis Miguel"]
[Result "0-1"]
[WhiteElo "1997"]
[BlackElo "2167"]
[PlyCount "71"]
[EventDate "2016.01.30"]
[EventType "team-tourn"]
[EventRounds "9"]
[EventCountry "ESP"]
[SourceTitle "EXT 2018"]
[Source "ChessBase"]
[SourceDate "2017.10.13"]
[SourceVersion "1"]
[SourceVersionDate "2017.10.13"]
[SourceQuality "1"]
[WhiteTeam "Tauste"]
[BlackTeam "Marcos Frechin"]
[WhiteTeamCountry "ESP"]
[BlackTeamCountry "ESP"]

1. c4 Nf6 2. Nf3 g6 3. b4 Bg7 4. Bb2 0-0 5. g3 d5 6. cxd5 Nxd5 7. Qb3 Qd6 8. a3 a5 9. Bxg7 Kxg7 10. e4 Nb6 11. bxa5 N6d7 12. Qc3+ Kg8 13. d4 c5 14. d5 e6 15. dxe6 Qxe6 16. Nbd2 Nc6 17. Bc4 Qe7 18. a6 Nce5 19. Nxe5 Nxe5 20. Bd5 Rxa6 21. Rb1 Nc6 22. 0-0 Nd4 23. Rfe1 b5 24. Nf3 Nxf3+ 25. Qxf3 Bd7 26. e5 c4 27. Rb4 Kg7 28. Qc3 Kg8 29. Reb1 Re8 30. a4 Rxa4 31. Rxa4 bxa4 32. Qxc4 Be6 33. Rb7 Qxb7 34. Bxe6 Rxe6 35. Qxa4 Rxe5 36. Qd4 0-1

[Event "Zaragoza Province-ch Preferente"]
[Site "Zaragoza"]
[Date "2015.10.18"]
[Round "4"]
[White "Sancho Casale, Jesus"]
[Black "Palomar Ramon, Santiago"]
[Result "0-1"]
[WhiteElo "1978"]
[BlackElo "1957"]
[PlyCount "58"]
[EventDate "2015.09.27"]
[EventType "swiss"]
[EventRounds "6"]
[EventCountry "ESP"]
[SourceTitle "CBM 170 Extra"]
[Source "ChessBase"]
[SourceDate "2016.02.25"]
[SourceVersion "1"]
[SourceVersionDate "2016.02.25"]
[SourceQuality "1"]

1. e4 e5 2. Nf3 Nc6 3. Nc3 Nf6 4. d4 Bb4 5. d5 Ne7 6. Nxe5 d6 7. Bb5+ c6 8. dxc6 0-0 9. cxb7 Bxb7 10. Nf3 Nxe4 11. Qd3 Rc8 12. 0-0 Bxc3 13. bxc3 Nxc3 14. Ng5 Ng6 15. Bc4 d5 16. Bb3 Re8 17. Be3 h6 18. Nf3 d4 19. Bxh6 Be4 20. Qd2 Bxf3 21. Bg5 Ne4 22. Qd3 Qxg5 23. Qxf3 Rc7 24. Rae1 Nh4 25. Qh3 Rce7 26. f4 Qf6 27. g4 d3 28. Qxd3 Qb6+ 29. Qe3 Nc5 0-1

[Event "Aragon-chT Honor Descenso"]
[Site "Aragon"]
[Date "2015.03.28"]
[Round "10.19"]
[White "Gutierrez Mingueza, Ruben"]
[Black "Sancho Casale, Jesus"]
[Result "1/2-1/2"]
[WhiteElo "2076"]
[BlackElo "1980"]
[PlyCount "90"]
[EventDate "2015.02.21"]
[EventType "team-tourn"]
[EventRounds "10"]
[EventCountry "ESP"]
[SourceTitle "EXT 2017"]
[Source "ChessBase"]
[SourceDate "2016.10.25"]
[SourceVersion "1"]
[SourceVersionDate "2016.10.25"]
[SourceQuality "1"]
[WhiteTeam "San Jose"]
[BlackTeam "Tauste"]
[WhiteTeamCountry "ESP"]
[BlackTeamCountry "ESP"]

1. d4 g6 2. g3 Bg7 3. Bg2 c5 4. Nf3 cxd4 5. Nxd4 Nc6 6. c3 Nf6 7. 0-0 0-0 8. e4 Nxd4 9. cxd4 d6 10. b3 Bg4 11. f3 Bd7 12. Be3 Qc8 13. Qd3 Bh3 14. Nc3 Bxg2 15. Kxg2 Qd7 16. Rac1 a6 17. Na4 Qb5 18. Qc2 Nd7 19. Nc3 Qa5 20. Rf2 Rac8 21. Qd3 f5 22. Nd5 Rxc1 23. Bxc1 e6 24. Nf4 fxe4 25. Qxe4 e5 26. Ne6 d5 27. Qe2 Re8 28. Nxg7 Kxg7 29. dxe5 d4 30. f4 Nc5 31. Qc4 Ne4 32. b4 Qb6 33. Rc2 Rd8 34. Qc7+ Qxc7 35. Rxc7+ Kg8 36. Kf3 Nc3 37. Bd2 Nb1 38. Ke2 b5 39. Rc6 d3+ 40. Kd1 Na3 41. Rxa6 Nc4 42. Ke1 Rc8 43. a4 bxa4 44. Rxa4 Nb2 45. Ra1 Rc4 1/2-1/2

[Event "Aragon-chT Honor GrB"]
[Site "Aragon"]
[Date "2015.02.14"]
[Round "4.28"]
[White "Sancho Casale, Jesus"]
[Black "Biarge Carnicer, Arturo"]
[Result "1-0"]
[WhiteElo "1980"]
[BlackElo "1878"]
[PlyCount "84"]
[EventDate "2015.01.24"]
[EventType "team-tourn"]
[EventRounds "7"]
[EventCountry "ESP"]
[SourceTitle "EXT 2017"]
[Source "ChessBase"]
[SourceDate "2016.10.25"]
[SourceVersion "1"]
[SourceVersionDate "2016.10.25"]
[SourceQuality "1"]
[WhiteTeam "Tauste"]
[BlackTeam "Cerbuna CMU"]
[WhiteTeamCountry "ESP"]
[BlackTeamCountry "ESP"]

1. e4 c5 2. Nf3 d6 3. d4 Nf6 4. Nc3 cxd4 5. Nxd4 a6 6. Be3 e5 7. Nb3 Be6 8. f3 Be7 9. Qd2 d5 10. exd5 Nxd5 11. Nxd5 Qxd5 12. Qxd5 Bxd5 13. 0-0-0 Bc6 14. Na5 0-0 15. Nxc6 Nxc6 16. Bb6 Bd8 17. Bc5 Bg5+ 18. Kb1 Rfd8 19. Bd3 g6 20. h4 Bf6 21. h5 Kg7 22. Bb6 Rd7 23. hxg6 hxg6 24. Be4 Rh8 25. Rhe1 Nb8 26. a3 Be7 27. g4 Rf8 28. Rg1 Kf6 29. c4 Ke6 30. b4 Bd6 31. Rd5 f5 32. gxf5+ gxf5 33. Rg6+ Rf6 34. Rxf6+ Kxf6 35. Bc2 Ke6 36. Ba7 Nc6 37. Bf2 Ne7 38. Rd1 Bc7 39. Rh1 Kf6 40. Rh6+ Ng6 41. Rh5 Ne7 42. Rh7 Ng6 1-0

[Event "Aragon-chT Honor GrB"]
[Site "Aragon"]
[Date "2014.03.08"]
[Round "7.23"]
[White "Navarro Alonso, Jorge Luis"]
[Black "Sancho Casale, Jesus"]
[Result "0-1"]
[WhiteElo "2153"]
[BlackElo "1968"]
[PlyCount "68"]
[EventDate "2014.01.25"]
[EventType "team-tourn"]
[EventRounds "7"]
[EventCountry "ESP"]
[SourceTitle "EXT 2015"]
[Source "ChessBase"]
[SourceDate "2014.11.20"]
[SourceVersion "1"]
[SourceVersionDate "2014.11.20"]
[SourceQuality "1"]
[WhiteTeam "Helios"]
[BlackTeam "Tauste"]
[WhiteTeamCountry "ESP"]
[BlackTeamCountry "ESP"]

1. e4 e5 2. Nf3 Nc6 3. Bb5 a6 4. Ba4 Nf6 5. Qe2 Be7 6. c3 b5 7. Bc2 0-0 8. 0-0 d5 9. d3 dxe4 10. dxe4 Bb7 11. Rd1 Bd6 12. Bg5 Qe7 13. Nbd2 Bc5 14. Nf1 h6 15. Bh4 g5 16. Ng3 Bc8 17. Nxg5 hxg5 18. Bxg5 Bg4 19. Bxf6 Qe6 20. Bb3 Bxe2 21. Bxe6 fxe6 22. Rd2 Rxf6 23. Rxe2 Raf8 24. Nh1 Ne7 25. Rd1 Nc8 26. Rd3 Nd6 27. Rg3+ Kf7 28. Kf1 Ke7 29. f3 Bb6 30. b3 Rf4 31. Ke1 c5 32. Nf2 c4 33. Rg7+ R8f7 34. Rg5 Bxf2+ 0-1

[Event "Aragon-chT Honor GrB"]
[Site "Aragon"]
[Date "2014.02.15"]
[Round "4.31"]
[White "Gella Lopez, Angel"]
[Black "Sancho Casale, Jesus"]
[Result "1-0"]
[WhiteElo "2084"]
[BlackElo "1968"]
[PlyCount "113"]
[EventDate "2014.01.25"]
[EventType "team-tourn"]
[EventRounds "7"]
[EventCountry "ESP"]
[SourceTitle "EXT 2015"]
[Source "ChessBase"]
[SourceDate "2014.11.20"]
[SourceVersion "1"]
[SourceVersionDate "2014.11.20"]
[SourceQuality "1"]
[WhiteTeam "Huesca Club Atletismo"]
[BlackTeam "Tauste"]
[WhiteTeamCountry "ESP"]
[BlackTeamCountry "ESP"]

1. Nf3 Nf6 2. c4 e6 3. d4 Bb4+ 4. Bd2 Qe7 5. g3 Nc6 6. Bg2 Bxd2+ 7. Nbxd2 d6 8. 0-0 0-0 9. e4 e5 10. d5 Nb8 11. b4 a5 12. a3 Na6 13. Rb1 Bd7 14. Qe2 c6 15. Rfc1 axb4 16. axb4 c5 17. bxc5 Nxc5 18. Ra1 h6 19. Ne1 Bg4 20. f3 Bh5 21. Bh3 Qc7 22. Rcb1 Nfd7 23. Kg2 g5 24. Nd3 Bg6 25. Nxc5 Nxc5 26. Qe3 Rxa1 27. Rxa1 f5 28. exf5 Bxf5 29. Bxf5 Rxf5 30. Ra8+ Kg7 31. Ne4 Nxe4 32. Qxe4 Rf6 33. h4 Qf7 34. hxg5 hxg5 35. Ra7 Qe7 36. Qg4 Rf7 37. Ra8 Qf6 38. Re8 Re7 39. Rc8 Rf7 40. Qh5 Rf8 41. Rc7+ Rf7 42. Rxf7+ Qxf7 43. Qxg5+ Qg6 44. Qxg6+ Kxg6 45. Kf2 Kg5 46. Ke3 Kf5 47. Kd3 Kf6 48. Ke4 Kg5 49. f4+ exf4 50. gxf4+ Kf6 51. Kd4 b6 52. Ke4 Kg6 53. Kd4 Kf6 54. Kc3 Kf5 55. Kb4 Kxf4 56. Kb5 Ke5 57. Kxb6 1-0

[Event "Aragon-chT Preferente B"]
[Site "Aragon"]
[Date "2013.01.26"]
[Round "1.71"]
[White "Sancho Casale, Jesus"]
[Black "Bayod Rubia, Angel"]
[Result "1-0"]
[WhiteElo "1941"]
[BlackElo "2024"]
[PlyCount "131"]
[EventDate "2013.01.26"]
[EventType "team"]
[EventRounds "9"]
[EventCountry "ESP"]
[SourceTitle "EXT 2014"]
[Source "ChessBase"]
[SourceDate "2013.11.20"]
[SourceVersion "1"]
[SourceVersionDate "2013.11.20"]
[SourceQuality "1"]
[WhiteTeam "Tauste"]
[BlackTeam "El Olivar II"]
[WhiteTeamCountry "ESP"]
[BlackTeamCountry "ESP"]

1. e4 d6 2. d4 Nf6 3. Nc3 Nbd7 4. g4 h6 5. h3 e5 6. Nge2 c6 7. Bg2 Be7 8. Be3 Nb6 9. b3 Qc7 10. Qd2 a5 11. 0-0 g5 12. Ng3 a4 13. Nce2 c5 14. dxe5 dxe5 15. c4 Be6 16. Nc3 Rd8 17. Nd5 Nfxd5 18. exd5 Bc8 19. Be4 Bd6 20. Qe2 Qe7 21. Bf5 Nd7 22. bxa4 Nf6 23. f3 e4 24. Nxe4 Bxf5 25. Nxf6+ Qxf6 26. Bxg5+ Qe5 27. Qxe5+ Bxe5 28. Rfe1 hxg5 29. Rxe5+ Be6 30. dxe6 Rd2 31. exf7+ Kxf7 32. Rae1 Rxh3 33. Re7+ Kf8 34. R7e2 Rd3 35. Rf1 Rc3 36. Kg2 Rh6 37. Rb1 b6 38. a5 bxa5 39. Rb5 Rxc4 40. Rxa5 Rc6 41. Re5 Rc2+ 42. Kg3 c4 43. Rxg5 c3 44. Rgc5 Rd6 45. Rc7 Re6 46. Ra8+ Re8 47. Rxe8+ Kxe8 48. a4 Kd8 49. Rc4 Rc1 50. Kf4 c2 51. a5 Kd7 52. a6 Ra1 53. Rxc2 Rxa6 54. Rd2+ Ke7 55. Rd5 Ra3 56. g5 Rb3 57. Re5+ Kf7 58. Rf5+ Kg7 59. Kg4 Rb1 60. Rf6 Rb4+ 61. f4 Ra4 62. Re6 Kf7 63. Rb6 Ra3 64. f5 Kg7 65. Rb7+ Kg8 66. f6 1-0

[Event "Aragon-chT Preferente A"]
[Site "Aragon"]
[Date "2012.03.17"]
[Round "7.39"]
[White "Sancho Casale, Jesus"]
[Black "Arpa Pardo, Emilio"]
[Result "1-0"]
[WhiteElo "1912"]
[BlackElo "2047"]
[PlyCount "79"]
[EventDate "2012.02.04"]
[EventType "team"]
[EventRounds "9"]
[EventCountry "ESP"]
[SourceTitle "EXT 2014"]
[Source "ChessBase"]
[SourceDate "2013.11.20"]
[SourceVersion "1"]
[SourceVersionDate "2013.11.20"]
[SourceQuality "1"]
[WhiteTeam "Tauste"]
[BlackTeam "Teruel"]
[WhiteTeamCountry "ESP"]
[BlackTeamCountry "ESP"]

1. e4 d6 2. d4 Nf6 3. Nc3 c6 4. Nf3 Bg4 5. Be3 e6 6. d5 a6 7. dxe6 fxe6 8. h3 Bh5 9. Be2 Bf7 10. Ng5 Bg8 11. 0-0 Nbd7 12. a4 Qe7 13. Qd4 h6 14. Nf3 e5 15. Qd3 Bh7 16. Qc4 Qf7 17. Qxf7+ Kxf7 18. Nd2 g5 19. Bf3 Be7 20. a5 Kg7 21. Rfd1 Rhd8 22. Nc4 Nc5 23. Nb6 Rab8 24. Bxc5 dxc5 25. Nc4 Rxd1+ 26. Rxd1 Rd8 27. Rxd8 Bxd8 28. Kf1 Bc7 29. Ke2 Bg8 30. Nb6 Bxb6 31. axb6 Nd7 32. Na4 Bc4+ 33. Ke3 Bb5 34. Bg4 Nf6 35. Nxc5 Kf7 36. Nxb7 Ke7 37. Na5 Kd8 38. c4 Ne8 39. cxb5 cxb5 40. Nc6# 1-0